000 00805nam a2200241 a 4500
001 13903
003 BD-JhCC
005 20240514102547.0
008 240514b2016 ||| |||| ||a| 000 0 b d
020 _a9789849080862
035 _a(BD-JhCC)13903
040 _aBD-JhCC
_dBD-JhCC
041 _abengali
082 _a823.92
_bLON 2016
100 _a লন্ডন , জ্যাক
245 _aকিশোর ক্ল্যাসিক :
_bহোয়াইট ফ্যাঙ /
_c জ্যাক লন্ডন , অনু: জাকির শামীম।
260 _aঢাকা:
_bসমতট;
_c2016.
300 _a160 p. :
_c22 cm.
650 _aMystery,
_vDetective,
_zThriller and Adventure
700 _a শামীম,জাকির
942 _2ddc
_cBK
999 _c13903
_d13903